| 000 | 01347cam a2200301 a 4500 | ||
|---|---|---|---|
| 001 | 2614365 | ||
| 003 | NUST - PNEC | ||
| 005 | 20170116181059.0 | ||
| 008 | 980209s1998 enka b 001 0 eng | ||
| 010 | _a 98012861 | ||
| 020 | _a0198204280 | ||
| 040 |
_aDLC _cLIBRARY _dDLC |
||
| 050 | 0 | 0 |
_aD421 _b.O95 1998 |
| 082 | 0 | 0 |
_a909.82 HOW _221 |
| 245 | 0 | 4 |
_aThe Oxford history of the twentieth century / _cedited by Michael Howard and Wm. Roger Louis. |
| 260 |
_aOxford ; _aNew York : _bOxford University Press, _c1998. |
||
| 300 |
_axxii, 458 p. : _bill. (some col.) ; _c25 cm. |
||
| 504 | _aIncludes bibliographical references (p. [344]-359) and index. | ||
| 650 |
_aHistory _912272 _xGeneral Books |
||
| 700 | 1 |
_aHoward, Michael, _d1922- |
|
| 700 | 1 |
_aLouis, William Roger, _d1936- |
|
| 856 | 4 | 2 |
_3Publisher description _uhttp://www.loc.gov/catdir/enhancements/fy0636/98012861-d.html |
| 856 | 4 | 1 |
_3Table of contents only _uhttp://www.loc.gov/catdir/enhancements/fy0636/98012861-t.html |
| 856 | 4 | 2 |
_3Contributor biographical information _uhttp://www.loc.gov/catdir/enhancements/fy0723/98012861-b.html |
| 906 |
_a7 _bcbu _corignew _d1 _eocip _f19 _gy-gencatlg |
||
| 942 |
_2ddc _cBK |
||
| 999 |
_c68692 _d68692 |
||